11 rappeurs a suivre Booska P - Statistiques

Statistiques générales
  • Ce quiz a été pris 143 fois
  • Le résultat moyen est 7 sur 55
Statistiques - réponses
Réponse % Correct
Larry
46%
RK
46%
Zola
44%
Maes
34%
SDM
34%
Kodes
25%
Da Uzi
22%
Rémy
22%
UZI
22%
ISK
19%
Joysad
19%
Moha La Squale
19%
Ashe 22
18%
Heuss L'enfoiré
18%
Sasso
18%
Doria
17%
Kaza
17%
Timal
16%
Kofs
15%
Bolémvn
14%
Chily
14%
Frenetik
14%
Noname
14%
Dabs
13%
Nahir
13%
Soolking
13%
D.A.V
12%
David Okit
10%
Gambino LaMG
10%
Leonis
10%
Youv Dee
10%
Kikesa
8%
LMB
7%
YL
7%
100 Blaze
6%
Hornet La Frappe
6%
Lorenzo
6%
Yaro
6%
Bakari
5%
Chanceko
5%
Cheu-B
5%
K-Point
5%
Rvzmo
4%
Zikxo
3%
COR
2%
Django
2%
Flako LaM
2%
Gianni
2%
Mayo
2%
Azuul Smith
1%
Biffty
1%
Haristone
1%
Loud
1%
Nelick
1%
Sopico
1%
Aucun quiz correspondant
Distribution des résultats
% des personnes avec chaque résultat
Percentile par nombre de réponses
Votre historique - résultats
Vous n’avez pas pris ce quiz